000 00626nam a2200277Ia 4500
005 20260324133950.0
008 008 260324s9999 xx 000 0 eng d
020 _a9780203219539
037 _aEBOOK
040 _aCRL
040 _beng
040 _cCRL
041 _2eng
041 _aeng
084 _qCRL
100 _aTom Carnwath; Ian Smith
_91195060
245 0 _aHeroin Century
260 _bTaylor and Francis
260 _c2002
365 _a
365 _b230
856 _uhttp://www.taylorfrancis.com/books/9780203219539
942 _cEBOOK
999 _c1794655
_d1794655